MARC details
| 000 -LEADER |
| fixed length control field |
00999cam a2200265 a 4500 |
| 001 - CONTROL NUMBER |
| control field |
1107178 |
| 005 - DATE AND TIME OF LATEST TRANSACTION |
| control field |
20231204001340.0 |
| 008 - FIXED-LENGTH DATA ELEMENTS--GENERAL INFORMATION |
| fixed length control field |
930628s1993 ctu b 101 0 eng |
| 020 ## - INTERNATIONAL STANDARD BOOK NUMBER |
| ISBN |
1565490290 (pbk. : recycled, acidfree paper) |
| 040 ## - CATALOGING SOURCE (பட்டியலாக்க மூலம்) |
| Original cataloging agency |
DLC |
| Transcribing agency |
DLC |
| Modifying agency |
DLC |
| 082 00 - DDC Classification |
| Class No. |
305.42 |
| DDC Edition Number |
20 |
| 245 00 - TITLE STATEMENT |
| Title |
Women at the center : |
| Remainder of title |
development issues and practices for the 1990s / |
| Statement of responsibility, etc. |
editors, Gay Young, Vidyamali Samarasinghe, Ken Kusterer. |
| 260 ## - PUBLICATION, DISTRIBUTION, ETC. |
| Place of publication, distribution, etc. |
West Hartford, Conn. : |
| Name of publisher, distributor, etc. |
Kumarian Press, |
| Date of publication, distribution, etc. |
1993. |
| 300 ## - PHYSICAL DESCRIPTION |
| Extent (e.g. Volumes, Pages etc.) |
x, 221 p. ; |
| 500 ## - GENERAL NOTE |
| General note |
"Prepared under the auspices of the Association for Women in Development." |
| 500 ## - GENERAL NOTE |
| General note |
Papers based on the Fifth International Forum of the Association for Women in Development (AWID), held in Washington, D.C., November 12-24, 1991. |
| 650 #0 - SUBJECT ADDED ENTRY--TOPICAL TERM |
| Topical term or geographic name entry element |
Women in development. |
| 650 #0 - SUBJECT ADDED ENTRY--TOPICAL TERM |
| Topical term or geographic name entry element |
Sex role. |
| 650 #0 - SUBJECT ADDED ENTRY--TOPICAL TERM |
| Topical term or geographic name entry element |
Women |
| 650 #0 - SUBJECT ADDED ENTRY--TOPICAL TERM |
| Topical term or geographic name entry element |
Women |
| 700 1# - ADDED ENTRY--PERSONAL NAME |
| Personal name |
Young, Gay. |
| 700 1# - ADDED ENTRY--PERSONAL NAME |
| Personal name |
Samarasinghe, Vidyamali. |
| 700 1# - ADDED ENTRY--PERSONAL NAME |
| Personal name |
Kusterer, Kenneth C. |
| Relator term (Role) |
Editor |
| 942 ## - Koha item type (Biblio) |
| Koha item type |
Books in Stacks (Lending) |